000 00375nam a22001577a 4500
003 OSt
005 20211005143646.0
008 211005b |||||||| |||| 00| 0 eng d
020 _a0877798400
040 _aHU
_cDDC
082 _a340.03
245 _aMERRIAM WEBSTER'S DICTIONARY OF LAW
260 _aINDIA
_bWEBSTER
_c340.03
300 _axx,634,P22CM
942 _2ddc
_cBOOKS
_n0
999 _c9555
_d9555